Self-compacting concrete (Record no. 103507)

MARC details
000 -LEADER
fixed length control field 01118cam a2200241 4500
008 - FIXED-LENGTH DATA ELEMENTS--GENERAL INFORMATION
fixed length control field 040423n2004 000 0 eng u
020 ## - INTERNATIONAL STANDARD BOOK NUMBER
International Standard Book Number 1860816800
035 ## - SYSTEM CONTROL NUMBER
System control number (Sirsi) u125925
041 ## - LANGUAGE CODE
Language code of text/sound track or separate title eng
050 ## - LIBRARY OF CONGRESS CALL NUMBER
Classification number 693.5
-- 18
100 ## - MAIN ENTRY--PERSONAL NAME
Personal name Holton, I.
245 ## - TITLE STATEMENT
Title Self-compacting concrete
260 ## - PUBLICATION, DISTRIBUTION, ETC.
Place of publication, distribution, etc. Watford
Name of publisher, distributor, etc. BRE
Date of publication, distribution, etc. 2004
300 ## - PHYSICAL DESCRIPTION
Extent 8p.
Dimensions 30cm.
490 ## - SERIES STATEMENT
Series statement BRE Information Paper
Volume/sequential designation 3/04
520 ## - SUMMARY, ETC.
Summary, etc. This information paper provides an introduction to the use of self-compacting concrete which was originally developed in Japan to bring improved quality and durability to the concrete construction process. Over the last 10 years it has become increasingly used in Europe and other parts of the world for both pre-cast and cast in situ concrete, where its benefits also include reduced health and safety risks, increased productivity, and cost and labour savings.
650 ## - SUBJECT ADDED ENTRY--TOPICAL TERM
Topical term or geographic name entry element CONCRETE
650 ## - SUBJECT ADDED ENTRY--TOPICAL TERM
Topical term or geographic name entry element SELF-COMPACTING CONCRETE
690 ## - LOCAL SUBJECT ADDED ENTRY--TOPICAL TERM (OCLC, RLIN)
Topical term or geographic name as entry element BUILT ENVIRONMENT-BUILDING MATERIALS
710 ## - ADDED ENTRY--CORPORATE NAME
Corporate name or jurisdiction name as entry element Building Research Establishment
710 ## - ADDED ENTRY--CORPORATE NAME
Corporate name or jurisdiction name as entry element United Kingdom
Subordinate unit Department of Trade and Industry
942 ## - ADDED ENTRY ELEMENTS (KOHA)
Suppress in OPAC 0
Holdings
Withdrawn status Lost status Source of classification or shelving scheme Damaged status Not for loan Home library Current library Shelving location Date acquired Total Checkouts Full call number Barcode Date last seen Copy number Price effective from Koha item type
    Dewey Decimal Classification     London London BRE publications 23/04/2004   ENQUIRY DESK 30069142 06/08/2019 1 06/08/2019 Book